Semblanza del poeta Carlomagno Araya /
Salvato in:
| Autore principale: | |
|---|---|
| Natura: | Sconosciuto |
| Lingua: | Spanish |
| Pubblicazione: |
San José, Costa Rica :
[editor no identificado],
1989.
|
| Soggetti: | |
| Tags: |
Aggiungi Tag
Nessun Tag, puoi essere il primo ad aggiungerne!!
|
MARC
| LEADER | 000000000a22000000004500 | ||
|---|---|---|---|
| 001 | 002785 | ||
| 041 | 0 | |a spa | |
| 082 | 0 | 4 | |a CR861.4B |b A663m c.1 |
| 100 | 1 | |a Murillo Arias, Mauro | |
| 245 | 1 | 0 | |a Semblanza del poeta Carlomagno Araya / |c Mauro Murillo Arias. |
| 260 | 1 | |a San José, Costa Rica : |b [editor no identificado], |c 1989. | |
| 300 | |a 27 páginas | ||
| 505 | |a Esta biblioteca tiene disponibles dos ejemplares de este libro. | ||
| 650 | 4 | |a ARAYA, CARLOMAGNO, 1897- | |
| 999 | |c 9141 |d 9141 | ||
| 942 | |c BK |h CR861.4B A663m c.1 |2 z | ||
